| 000 | 00540nam a2200217 a 4500 | ||
|---|---|---|---|
| 001 | 0001-1938 | ||
| 003 | ELIB.Books | ||
| 008 | 181212 2010 eng | ||
| 020 | _aKBTS | ||
| 092 |
_a158 _bBen |
||
| 100 | _aBennion, Lowell L. | ||
| 245 | _aThe Things that Matter Most | ||
| 260 |
_aUtah _bDesert Book Company _c1998 |
||
| 300 |
_a63 _c21 Cm |
||
| 650 | _aPsychology | ||
| 856 |
_nKBTS Library _uKBTS Elib |
||
| 942 |
_2ddc _cBK |
||
| 990 | _a1 | ||
| 998 |
_aEnglishbooks.elf _ccat _e2018-12-12 |
||
| 999 |
_c11938 _d11938 |
||